The epistle of Paul to the Galatians: (Record no. 443)

000 -LEADER
fixed length control field 00727nam a2200205 a 4500
001 - CONTROL NUMBER
control field :::00013597$&:&@@
003 - CONTROL NUMBER IDENTIFIER
control field OkBaRHE
005 - DATE AND TIME OF LATEST TRANSACTION
control field 20100324120919.0
008 - FIXED-LENGTH DATA ELEMENTS--GENERAL INFORMATION
fixed length control field s1980 j 000 0 eng u
040 ## - CATALOGING SOURCE
Transcribing agency
100 1# - MAIN ENTRY--PERSONAL NAME
Personal name Cole, R. A. (Robert Alan).
245 14 - TITLE STATEMENT
Title The epistle of Paul to the Galatians:
Remainder of title an introduction and commentary.
250 ## - EDITION STATEMENT
Edition statement [1st ed.]
260 ## - PUBLICATION, DISTRIBUTION, ETC. (IMPRINT)
Place of publication, distribution, etc Grand Rapids, MI., :
Name of publisher, distributor, etc Wm. B. Eerdmans Publishing Company
Date of publication, distribution, etc 1980
300 ## - PHYSICAL DESCRIPTION
Extent 188 p. ;
Dimensions 20 cm.
490 0# - SERIES STATEMENT
Series statement The Tyndale New Testament commentaries, v. 9.
650 ## - SUBJECT ADDED ENTRY--TOPICAL TERM
Topical term or geographic name as entry element Bible New Testament Galatians
General subdivision Commentaries
942 ## - ADDED ENTRY ELEMENTS (KOHA)
Source of classification or shelving scheme
Koha item type Books
Copies
Price effective from Source of classification or shelving scheme Date acquired Lost status Withdrawn status Full call number Not for loan Shelving location Koha item type Permanent Location Date last seen Barcode Collection code Damaged status Copy number
2010-04-14 2010-04-14  BS 2685.3 .C6 General StacksBooksRHEMA Bible Training College2018-04-0313597Reference 1